000 00758cam a2200241 4500
008 090401t1998 xxu||||| |||| 00| 0 eng d
020 _a1900858274
035 _a(Sirsi) u91094
041 _aeng
050 _a690.24
110 _aBuilding Maintenance Information
_93229
245 _aReview of maintenance costs.
260 _aLondon
_bBMI
_c1998
300 _a47p. ; 30cm.
350 _a0
490 _aSerial
_v272
520 _aThis item is part of a subscription service and cannot be photocopied. Neither can any part of it be read out over the phone. Please contact BMI direct on 0171 222 7000.
650 _aMAINTENANCE COST INDICES
650 _aMAINTENANCE COSTS
690 _aBUILT ENVIRONMENT
942 _n0
948 _c03/02/1999
999 _c97607
_d97607